00916nam a22002297a 4500999001500000003000900015008004100024020001800065040007100083082001700154100002700171245003600198260005100234300002800285505019000313650002100503650002100524650002000545942001600565945000800581952009700589 c8319d8319AR-CdUCM190322b ||||| |||| 00| 0 spa d a968-16-3616-3 aMUNICIPALIDAD PROVINCIAL DEL CUSCOcBIBLIOTECA MUNICIPAL DEL CUSCO a574.5 /bM26 aMartínez Alier, Joan aLa ecología y la economía / aMexico :bFondo de cultura económica,c1991. a367 páginas ;c22 cm. aContenido : La agricultura moderna ¿fuentes de energía? -- El estudio del flujo de energía en la agricultura -- La formulación del principio de Podolinsky por Eduard Sacher ...  aAgricultura9320 aEcología94960 aEconomía9382 2ddccLIBROS arah 002ddc4070aSCbSCcCARTd2019-03-22g10.00o574.5 / M26pSC0000001115r2019-03-22yLIBROS